00826nam a2200241Ia 450000500170000000800270001702000180004404000350006210000390009724500940013625000170023026400340024730000320028133600270031333700330034033800280037349000180040165000410041965000410046065000390050170000310054008400130057120220317000313.0141031s9999 ck 000 0 spa d a9789588662121 aCO-BoRNBPbspacCO-BoRNBPerda1 aNiño, Jairo Aníbal,d1941-201010aCaballopandobhistorias de caballos cJairo Aníbal Niño ; ilustración José Rosero a1a edición aBogotá bSudamericanac2010 a60 páginasbilustraciones atextobtxt2rdacontent asin mediaciónbn2rdamedia avolumenbnc2rdacarrier aLa biblioteca142LEMBaCuentos infantiles colombianos142LEMBaLiteratura infantil colombiana142LEMBaCaballosvCuentos infantiles1 aRosero, Joséeilustrador aC NIÑ1